000 00640nam a2200217 i 4500
001 80456
003 ES-MaACL
005 20240322170304.0
007 t|
008 041028s1957 sp ||||1| spa d
100 1 _aHilton, James.
_963738
245 1 0 _aMis manos en tus manos /
_cJames Hilton ; [traducción de Roser Ferrán].
250 _a[1ª ed.].
260 _aBarcelona :
_bJosé Janés,
_c[1957] (
_fMiguza)
300 _a272 p. ;
_c18 cm.
490 1 _aclub de los lectores
700 1 _aFerrán, Roser.
_950240
830 0 _aClub de los lectores
_9181243
852 _aES-MaACL
_jC-13166
_bR.41146
999 _c80456
_d80456